[Event "Toronto-ch Reserves"]
[Site "Toronto CAN"]
[Date "2002.01.28"]
[Round "7"]
[White "Shah, Omar"]
[Black "Millar, David"]
[Result "0-1"]
[WhiteElo "1913"]
[BlackElo "1877"]
[PlyCount "70"]
[EventDate "2002.01.09"]
[EventType "tourn"]
[EventRounds "11"]
[EventCountry "CAN"]

1. e4 c5 2. Nf3 Nc6 3. d4 cxd4 4. Nxd4 Nf6 5. Nc3 e5 6. Ndb5 d6 7. Bg5 a6 8.
Na3 b5 9. Nd5 Be7 10. Bxf6 Bxf6 11. c3 Bg5 12. Nc2 O-O 13. a4 Rb8 14. axb5 axb5
15. b4 f5 16. Bd3 Ne7 17. Nce3 Bxe3 18. Nxe3 f4 19. Qb3+ Kh8 20. Nd5 Nxd5 21.
Qxd5 Bb7 22. Qb3 Qg5 23. O-O f3 24. g3 Qg4 25. Rfe1 Rf6 26. Qc2 Rh6 27. Bf1 Qh5
28. h3 Bc8 29. Qd1 Bxh3 30. Bxh3 Rf8 31. Re3 Qxh3 32. Qxf3 Qh2+ 33. Kf1 Rhf6
34. Ke2 Rxf3 35. Rxf3 Qh5 0-1

[Event "Toronto-ch Reserves"]
[Site "Toronto CAN"]
[Date "2002.01.28"]
[Round "7"]
[White "Sviridovitch, Alina"]
[Black "Haziprodromu, Sam"]
[Result "0-1"]
[WhiteElo "1925"]
[BlackElo "1979"]
[PlyCount "76"]
[EventDate "2002.01.09"]
[EventType "tourn"]
[EventRounds "11"]
[EventCountry "CAN"]

1. d4 Nf6 2. Bg5 Ne4 3. Bf4 c5 4. e3 Qb6 5. b3 d5 6. Bd3 Qb4+ 7. Nd2 cxd4 8.
exd4 Nc6 9. Bxe4 dxe4 10. Ne2 Bg4 11. c3 Bxe2 12. cxb4 Bxd1 13. Kxd1 Nxb4 14.
Nxe4 Rd8 15. Ke2 e6 16. Be3 Be7 17. Rhd1 O-O 18. a4 h6 19. Rac1 Nd5 20. Nc3 Bd6
21. h3 Rfe8 22. Nb5 Bb8 23. Na3 f5 24. Nc4 f4 25. Bd2 g5 26. Ne5 Bxe5 27. dxe5
Rc8 28. Rxc8 Rxc8 29. Rc1 Rxc1 30. Bxc1 Kf7 31. Kd3 Kg6 32. Ba3 Kf5 33. Kd4 h5
34. Bc5 b6 35. Ba3 g4 36. hxg4+ hxg4 37. g3 fxg3 38. fxg3 a6 0-1

[Event "Toronto-ch Reserves"]
[Site "Toronto CAN"]
[Date "2002.01.30"]
[Round "8"]
[White "De Jesus, Enrique"]
[Black "Paterson, Jim"]
[Result "1/2-1/2"]
[WhiteElo "2002"]
[BlackElo "1964"]
[PlyCount "86"]
[EventDate "2002.01.09"]
[EventType "tourn"]
[EventRounds "11"]
[EventCountry "CAN"]

1. e4 c5 2. Nf3 e6 3. d4 cxd4 4. Nxd4 Nf6 5. Bd3 Nc6 6. Be3 a6 7. O-O d5 8.
exd5 Nxd5 9. Nxc6 bxc6 10. Bd2 Bd6 11. Nc3 Qc7 12. g3 Bb7 13. Qg4 Be5 14. Rfe1
h5 15. Qe4 Bd6 16. Qd4 h4 17. Nxd5 cxd5 18. Qxg7 O-O-O 19. Qc3 hxg3 20. Qxc7+
Bxc7 21. fxg3 Rdg8 22. Re2 Kd7 23. Rf1 f5 24. Bf4 Bb6+ 25. Be3 Bc7 26. c3 Rh5
27. Rff2 d4 28. cxd4 Rxg3+ 29. Kf1 Rhh3 30. Bxa6 Bxa6 31. hxg3 Rxg3 32. Ke1
Bxe2 33. Kxe2 Rg4 34. Kd3 Rg3 35. Kd2 Ba5+ 36. Ke2 Rg4 37. Kf3 Bb6 38. Rd2 Kd6
39. b3 Kd5 40. Bf2 Bxd4 41. Rxd4+ Rxd4 42. Bxd4 Kxd4 43. a4 Kc5 1/2-1/2

[Event "Toronto-ch Reserves"]
[Site "Toronto CAN"]
[Date "2002.01.30"]
[Round "8"]
[White "Haziprodromu, Sam"]
[Black "Cohen, David"]
[Result "0-1"]
[WhiteElo "1979"]
[BlackElo "2023"]
[PlyCount "112"]
[EventDate "2002.01.09"]
[EventType "tourn"]
[EventRounds "11"]
[EventCountry "CAN"]

1. e4 e5 2. Nf3 Nc6 3. Bb5 a6 4. Ba4 d6 5. Bxc6+ bxc6 6. d4 exd4 7. Qxd4 Nf6 8.
h3 Be7 9. c4 c5 10. Qd3 Bb7 11. Nc3 Qd7 12. O-O h6 13. Bf4 O-O 14. Rad1 Rfe8
15. e5 Nh5 16. Bh2 g6 17. Nd5 Bxd5 18. Qxd5 Rad8 19. Rfe1 Ng7 20. b3 Ne6 21.
Bg3 Kg7 22. exd6 Bxd6 23. Ne5 Qc8 24. Qf3 Rf8 25. Nc6 Rd7 26. Qc3+ Kh7 27. h4
Nd8 28. Bxd6 Rxd6 29. Rxd6 cxd6 30. Ne7 Qg4 31. Nd5 Qd4 32. h5 Qxc3 33. Nxc3
Ne6 34. Ne4 Rd8 35. Nf6+ Kg7 36. Nd5 gxh5 37. Re4 Rd7 38. Kf1 Kg6 39. Re3 h4
40. Re4 Kg5 41. Ke2 Nd4+ 42. Kd3 Rd8 43. Re7 Nc6 44. Kd2 Nxe7 45. Nxe7 a5 46.
Nc6 Ra8 47. Kc3 Kf6 48. a3 Ra6 49. Nb8 Ra8 50. Nd7+ Ke6 51. Nb6 Rg8 52. Nd5 Ke5
53. f4+ Ke6 54. f5+ Ke5 55. Ne3 Rg3 56. Kd2 Ke4 0-1

[Event "Toronto-ch Reserves"]
[Site "Toronto CAN"]
[Date "2002.01.30"]
[Round "8"]
[White "Millar, David"]
[Black "Bergeron, Florian"]
[Result "1/2-1/2"]
[WhiteElo "1877"]
[BlackElo "1954"]
[PlyCount "81"]
[EventDate "2002.01.09"]
[EventType "tourn"]
[EventRounds "11"]
[EventCountry "CAN"]

1. d4 Nf6 2. Nf3 g6 3. Nc3 Bg7 4. e4 d6 5. h3 O-O 6. Be3 Nbd7 7. Qd2 e5 8.
O-O-O c6 9. dxe5 dxe5 10. Nxe5 Nxe4 11. Nxe4 Bxe5 12. Bd4 Qe7 13. f4 Bg7 14.
Bxg7 Kxg7 15. Qc3+ f6 16. Bd3 Nb6 17. Rhe1 Nd5 18. Qd2 Qc7 19. Rf1 Bf5 20. c4
Bxe4 21. Bxe4 Nb6 22. Qc3 Rad8 23. g3 Qe7 24. Bf3 Qc5 25. b3 Nd5 26. Bxd5 cxd5
27. Rd4 Qa3+ 28. Kb1 dxc4 29. Qxc4 Rxd4 30. Qxd4 Re8 31. Qd3 Re7 32. g4 Qb4 33.
Kb2 Qb6 34. g5 fxg5 35. fxg5 Qe3 36. Rf3 Qe5+ 37. Qc3 Qxc3+ 38. Kxc3 Re5 39.
Rg3 Kf7 40. Kd4 Rf5 41. a4 1/2-1/2

[Event "Toronto-ch Reserves"]
[Site "Toronto CAN"]
[Date "2002.01.30"]
[Round "8"]
[White "Picana, Andrew"]
[Black "Deslauriers, Brian"]
[Result "1-0"]
[WhiteElo "2018"]
[BlackElo "1966"]
[PlyCount "105"]
[EventDate "2002.01.09"]
[EventType "tourn"]
[EventRounds "11"]
[EventCountry "CAN"]

1. e4 d6 2. d4 Nf6 3. Nc3 g6 4. Be3 c6 5. h3 b5 6. a3 a6 7. Nf3 Bg7 8. Qd2 Nbd7
9. g4 Nb6 10. b3 Nfd7 11. Rd1 Qc7 12. Bg2 Bb7 13. O-O Rc8 14. Rfe1 O-O 15. Bh6
Rfe8 16. Bxg7 Kxg7 17. Qf4 e5 18. Qg3 Nf6 19. Re3 Qe7 20. dxe5 dxe5 21. Red3 c5
22. Rd6 Rc6 23. Rxc6 Bxc6 24. Nh2 b4 25. axb4 cxb4 26. Qe3 Qb7 27. g5 Nh5 28.
Nd5 Bxd5 29. exd5 Nf4 30. Qc5 Nxg2 31. Kxg2 Rd8 32. Qxb4 Rxd5 33. Rxd5 Qxd5+
34. Nf3 e4 35. Qd4+ Qxd4 36. Nxd4 f5 37. c4 Kf7 38. Kg3 Ke7 39. Kf4 Kd6 40. h4
a5 41. h5 Nd7 42. hxg6 hxg6 43. Nxf5+ gxf5 44. Kxf5 e3 45. fxe3 Ke7 46. Ke4
Nc5+ 47. Kd5 Nxb3 48. c5 a4 49. c6 Na5 50. c7 Kd7 51. g6 Kxc7 52. g7 Nc6 53.
Ke6 1-0

[Event "Toronto-ch Reserves"]
[Site "Toronto CAN"]
[Date "2002.01.30"]
[Round "8"]
[White "Takov, Chris"]
[Black "Shah, Omar"]
[Result "1-0"]
[WhiteElo "1900"]
[BlackElo "1913"]
[PlyCount "101"]
[EventDate "2002.01.09"]
[EventType "tourn"]
[EventRounds "11"]
[EventCountry "CAN"]

1. d4 Nf6 2. Nf3 e6 3. g3 d5 4. Bg2 Be7 5. O-O O-O 6. b3 c6 7. Bb2 Nbd7 8. Nbd2
b6 9. c4 Bb7 10. a3 Rc8 11. Re1 c5 12. e3 Rc7 13. Rc1 Qa8 14. Qe2 Rfc8 15. cxd5
Bxd5 16. e4 Bb7 17. Qd3 cxd4 18. Rxc7 Rxc7 19. Nxd4 Ne5 20. Qe2 Qc8 21. Nb5 Ba6
22. Bxe5 Rc5 23. Bxf6 Bxb5 24. Bxe7 Bxe2 25. Bxc5 Qxc5 26. Rxe2 Qxa3 27. e5 g6
28. f4 Qc5+ 29. Kf1 Qc1+ 30. Kf2 g5 31. Ne4 gxf4 32. Nf6+ Kh8 33. Kf3 fxg3 34.
hxg3 Qd1 35. Kf2 a5 36. Re4 Qxb3 37. Rh4 Qc2+ 38. Kg1 a4 39. Be4 Qd1+ 40. Kh2
Qe2+ 41. Bg2 Qc2 42. Rg4 Qc8 43. Rxa4 b5 44. Ra8 Qxa8 45. Bxa8 Kg7 46. Kh3 Kg6
47. Kg4 h5+ 48. Nxh5 f5+ 49. exf6 e5 50. Bd5 e4 51. f7 1-0

[Event "Toronto-ch Reserves"]
[Site "Toronto CAN"]
[Date "2002.01.30"]
[Round "8"]
[White "Vadachkoriya, Irakli"]
[Black "Sviridovitch, Alina"]
[Result "0-1"]
[WhiteElo "1949"]
[BlackElo "1925"]
[PlyCount "116"]
[EventDate "2002.01.09"]
[EventType "tourn"]
[EventRounds "11"]
[EventCountry "CAN"]

1. e4 d5 2. exd5 Nf6 3. c4 e6 4. dxe6 Bxe6 5. Nf3 c5 6. Nc3 Nc6 7. d3 Qd7 8.
Be2 O-O-O 9. O-O Nb4 10. Ne5 Qd4 11. Nf3 Qd6 12. Nb5 Qb6 13. b3 a6 14. Nc3 Bf5
15. Ne5 Qe6 16. f4 Bd6 17. Nf3 Bc7 18. Qe1 Nc2 19. Qd2 Nxa1 20. Bb2 Ng4 21.
Rxa1 Qe3+ 22. Qxe3 Nxe3 23. g3 Bxd3 24. Bxd3 Rxd3 25. Ng5 f6 26. Ne6 Ba5 27.
Ne4 Rd1+ 28. Kf2 Rxa1 29. Bxa1 Ng4+ 30. Kg2 Bc7 31. N6xc5 Re8 32. h3 Ne3+ 33.
Kf3 Nc2 34. Bc3 f5 35. Ke2 b6 36. Nxa6 Rxe4+ 37. Kd2 Ne3 38. Nxc7 Kxc7 39. Be5+
Kc6 40. Kd3 g6 41. Bd4 Nf1 42. Bf2 h5 43. a4 h4 44. gxh4 Rxf4 45. Ke2 Nh2 46.
Bg3 Rf3 47. Bxh2 Rxb3 48. Bf4 Rxh3 49. Bg5 Kc5 50. Bd8 Kxc4 51. Bxb6 Rxh4 52.
a5 Kb5 53. Kf3 Ra4 54. Bc7 Rxa5 55. Kf4 Ra4+ 56. Kf3 g5 57. Kg3 Ra3+ 58. Kf2
Kc4 0-1

[Event "Toronto-ch Reserves"]
[Site "Toronto CAN"]
[Date "2002.02.04"]
[Round "9"]
[White "Bergeron, Florian"]
[Black "Takov, Chris"]
[Result "1/2-1/2"]
[WhiteElo "1954"]
[BlackElo "1900"]
[PlyCount "94"]
[EventDate "2002.01.09"]
[EventType "tourn"]
[EventRounds "11"]
[EventCountry "CAN"]

1. d4 d5 2. c4 c6 3. Nf3 Nf6 4. Bf4 Bf5 5. e3 e6 6. Nc3 Bd6 7. cxd5 Bxf4 8.
dxc6 Nxc6 9. exf4 O-O 10. Be2 Qb6 11. Qd2 Ne4 12. Nxe4 Bxe4 13. O-O Bxf3 14.
Bxf3 Qxd4 15. Rfd1 Qb6 16. Bxc6 Qxc6 17. Rac1 Qb6 18. Qc2 Rfd8 19. g3 h6 20. b3
a5 21. Qe4 Qb5 22. Qe5 Rd5 23. Rxd5 exd5 24. Rd1 Re8 25. Qd4 Re2 26. Kg2 Rxa2
27. Qxd5 Qe2 28. Qd8+ Kh7 29. Qd3+ Qxd3 30. Rxd3 Ra3 31. Re3 b5 32. Re7 Rxb3
33. Rxf7 Kg8 34. Ra7 a4 35. g4 a3 36. g5 hxg5 37. fxg5 Kh7 38. h4 b4 39. h5 Rc3
40. h6 Rc6 41. Rxg7+ Kh8 42. Ra7 Rb6 43. Ra8+ Kh7 44. Ra7+ Kg8 45. Ra8+ Kh7 46.
Ra7+ Kh8 47. Ra8+ Kh7 1/2-1/2

[Event "Toronto-ch Reserves"]
[Site "Toronto CAN"]
[Date "2002.02.04"]
[Round "9"]
[White "Cohen, David"]
[Black "Vadachkoriya, Irakli"]
[Result "1-0"]
[WhiteElo "2023"]
[BlackElo "1949"]
[PlyCount "69"]
[EventDate "2002.01.09"]
[EventType "tourn"]
[EventRounds "11"]
[EventCountry "CAN"]

1. e4 c5 2. Nf3 d6 3. Bd3 Nf6 4. c3 g6 5. Bc2 Bg7 6. O-O O-O 7. h3 Nc6 8. d4
cxd4 9. cxd4 Qc7 10. Nc3 a6 11. Be3 Bd7 12. Rc1 Rac8 13. Qd2 Qa5 14. Rfd1 b5
15. Bh6 Qb6 16. Bxg7 Kxg7 17. e5 Ne8 18. Nd5 Qd8 19. Nf4 e6 20. d5 Nxe5 21.
Nxe5 dxe5 22. dxe6 fxe6 23. Qxd7+ Qxd7 24. Rxd7+ Kh6 25. Nxe6 Rf6 26. Nd8 Rf4
27. Nf7+ Kh5 28. Nxe5 Nf6 29. Bd1+ Kg5 30. Rxc8 Nxd7 31. Nxd7 Rd4 32. Bg4 h5
33. Rc5+ Kh6 34. Be6 Rd6 35. Re5 1-0

[Event "Toronto-ch Reserves"]
[Site "Toronto CAN"]
[Date "2002.02.04"]
[Round "9"]
[White "Deslauriers, Brian"]
[Black "Paterson, Jim"]
[Result "0-1"]
[WhiteElo "1966"]
[BlackElo "1964"]
[PlyCount "122"]
[EventDate "2002.01.09"]
[EventType "tourn"]
[EventRounds "11"]
[EventCountry "CAN"]

1. c4 e6 2. g3 d5 3. Bg2 c6 4. b3 dxc4 5. Bb2 cxb3 6. Qxb3 Nf6 7. Nf3 Nbd7 8.
O-O Bd6 9. d4 Qb6 10. Qc2 O-O 11. Nbd2 Re8 12. Nc4 Qc7 13. Nxd6 Qxd6 14. e4 Qe7
15. a4 h6 16. a5 Nb8 17. Rfe1 Na6 18. Ne5 Bd7 19. Rab1 Rec8 20. Nc4 Be8 21. Ba3
Qd7 22. Nd6 Rc7 23. Qd3 Nb8 24. Rb3 c5 25. Bxc5 Nc6 26. Qd2 e5 27. d5 Ne7 28.
Ba3 Ng6 29. Reb1 Qa4 30. Bb4 Qd7 31. Ba3 Qa4 32. Nxe8 Nxe8 33. d6 Rd7 34. Bh3
Rdd8 35. Qd3 b6 36. Bf5 Qd4 37. Bxg6 fxg6 38. Rd1 Qxd3 39. Rdxd3 Nf6 40. f3 Nd7
41. Rd5 Kf7 42. axb6 axb6 43. Bb2 Ra2 44. Rd2 Ke6 45. Kf2 Rf8 46. h4 Rc8 47.
Ke3 Rc6 48. Rbd3 Ra4 49. Rd5 Rc8 50. Ke2 g5 51. hxg5 hxg5 52. Ke3 Rh8 53. Rc2
Rh3 54. g4 Rb4 55. Rd3 Ra4 56. Rc7 Ra8 57. Rd5 Rf8 58. Bxe5 Rfxf3+ 59. Kd4 Rd3+
60. Kc4 Nxe5+ 61. Rxe5+ Kxe5 0-1

[Event "Toronto-ch Reserves"]
[Site "Toronto CAN"]
[Date "2002.02.04"]
[Round "9"]
[White "Haziprodromu, Sam"]
[Black "De Jesus, Enrique"]
[Result "0-1"]
[WhiteElo "1979"]
[BlackElo "2002"]
[PlyCount "143"]
[EventDate "2002.01.09"]
[EventType "tourn"]
[EventRounds "11"]
[EventCountry "CAN"]

1. e4 c5 2. d4 cxd4 3. c3 dxc3 4. Nxc3 Nc6 5. Nf3 d6 6. Bc4 Nf6 7. e5 dxe5 8.
Qxd8+ Nxd8 9. Nb5 Be6 10. Nc7+ Kd7 11. Nxa8 Bxc4 12. Nxe5+ Kc8 13. Nxc4 Kb8 14.
O-O Kxa8 15. Ne5 e6 16. Rd1 Nd5 17. Bd2 Bd6 18. Nc4 Bc7 19. Rac1 Nc6 20. a3 Nd4
21. Kf1 Nb3 22. Rc2 Nd4 23. Rcc1 Nb3 24. Rb1 Rd8 25. Bg5 f6 26. Nd2 Nd4 27. Bh4
Nf5 28. Bg3 Bb6 29. Nc4 Bd4 30. Rd3 h5 31. h4 e5 32. Rbd1 Nxg3+ 33. Rxg3 Rd7
34. Rb3 Kb8 35. g3 a6 36. Ke2 b5 37. Ne3 Ne7 38. a4 Rb7 39. axb5 axb5 40. Nc2
Nc6 41. Nxd4 Nxd4+ 42. Rxd4 exd4 43. Kd3 Kc7 44. Kxd4 Kd6 45. Ke4 Ke6 46. Rb4
g6 47. Kd4 Kd6 48. Rb3 Rb8 49. Rf3 Rf8 50. b4 Rf7 51. Rc3 Rf8 52. Rc5 Rb8 53.
f4 f5 54. Re5 Rb7 55. Ke3 Rb8 56. Kd2 Rd8 57. Ke3 Rb8 58. Kd4 Rb7 59. Re8 Rc7
60. Kd3 Rc4 61. Rg8 Rxb4 62. Rxg6+ Ke7 63. Rb6 Kf7 64. Kc3 Rc4+ 65. Kd3 Rb4 66.
Ke3 Kg7 67. Kd3 Kf7 68. Rh6 Rb3+ 69. Kd4 Rxg3 70. Ke5 b4 71. Rh7+ Kg6 72. Rb7
0-1

[Event "Toronto-ch Reserves"]
[Site "Toronto CAN"]
[Date "2002.02.04"]
[Round "9"]
[White "Shah, Omar"]
[Black "Picana, Andrew"]
[Result "0-1"]
[WhiteElo "1913"]
[BlackElo "2018"]
[PlyCount "50"]
[EventDate "2002.01.09"]
[EventType "tourn"]
[EventRounds "11"]
[EventCountry "CAN"]

1. e4 e6 2. d4 d5 3. Nc3 Nf6 4. e5 Nfd7 5. f4 c5 6. Be3 Nc6 7. Nf3 cxd4 8. Nxd4
Nxd4 9. Bxd4 a6 10. Qg4 g6 11. Be2 Nc5 12. O-O f5 13. exf6 Kf7 14. Qh4 b5 15.
g4 b4 16. f5 Bd6 17. fxe6+ Nxe6 18. Nxd5 Nxd4 19. Bc4 Be6 20. Rae1 Bc5 21. Qh6
Nf5+ 22. Ne3 Nxh6 23. Bxe6+ Kxe6 24. Kg2 Qd2+ 25. Kf3 Qxe3+ 0-1

[Event "Toronto-ch Reserves"]
[Site "Toronto CAN"]
[Date "2002.02.04"]
[Round "9"]
[White "Sviridovitch, Alina"]
[Black "Millar, David"]
[Result "1-0"]
[WhiteElo "1925"]
[BlackElo "1877"]
[PlyCount "81"]
[EventDate "2002.01.09"]
[EventType "tourn"]
[EventRounds "11"]
[EventCountry "CAN"]

1. d4 Nf6 2. Bg5 e6 3. e4 Be7 4. Nd2 c5 5. dxc5 Qa5 6. Bd3 Qxc5 7. Ngf3 d6 8.
O-O O-O 9. Qe2 Nbd7 10. Rad1 a6 11. c3 Qc7 12. Bc2 b6 13. Bf4 e5 14. Bg5 Bb7
15. Nc4 Rfe8 16. Nh4 d5 17. Bxf6 Bxf6 18. exd5 g6 19. Nf3 Rad8 20. Ne3 e4 21.
Nd4 Be5 22. h3 Nf6 23. c4 Nh5 24. Qe1 Bc8 25. Nc6 Bh2+ 26. Kh1 Bxh3 27. gxh3
Qd7 28. Kxh2 Qd6+ 29. Kh1 Qf4 30. Qe2 Nf6 31. Ng2 Qh6 32. Qe3 Qh5 33. Nf4 Qh4
34. Nxd8 Ng4 35. Qg3 Nxf2+ 36. Qxf2 Qxd8 37. Rfe1 f5 38. Kh2 Qd6 39. Kh1 g5 40.
Ne6 h6 41. Qxf5 1-0

[Event "Toronto-ch Reserves"]
[Site "Toronto CAN"]
[Date "2002.02.06"]
[Round "10"]
[White "De Jesus, Enrique"]
[Black "Deslauriers, Brian"]
[Result "1-0"]
[WhiteElo "2002"]
[BlackElo "1966"]
[PlyCount "62"]
[EventDate "2002.01.09"]
[EventType "tourn"]
[EventRounds "11"]
[EventCountry "CAN"]

1. e4 d6 2. d4 Nf6 3. Nc3 g6 4. Bc4 Bg7 5. Nge2 O-O 6. f3 Nbd7 7. Be3 c6 8. a4
Nb6 9. Bb3 d5 10. a5 Nc4 11. Bxc4 dxc4 12. Qd2 Re8 13. O-O Bd7 14. Rfd1 b6 15.
d5 Qc7 16. d6 exd6 17. Qxd6 Qb7 18. axb6 Re6 19. Qa3 a6 20. Bc5 Be8 21. b4 Nd7
22. Nd4 Re5 23. Qa5 g5 24. Ra3 Bf8 25. Na4 Rd8 26. Rc3 Rb8 27. Rxc4 f6 28. Nf5
Bf7 29. Rcd4 Nxb6 30. Nxb6 Bxc5 31. bxc5 Qxb6 1-0

[Event "Toronto-ch Reserves"]
[Site "Toronto CAN"]
[Date "2002.02.06"]
[Round "10"]
[White "Millar, David"]
[Black "Cohen, David"]
[Result "1/2-1/2"]
[WhiteElo "1877"]
[BlackElo "2023"]
[PlyCount "104"]
[EventDate "2002.01.09"]
[EventType "tourn"]
[EventRounds "11"]
[EventCountry "CAN"]

1. d4 d5 2. c4 c6 3. Nc3 Nf6 4. Nf3 e6 5. e3 Bd6 6. Bd3 Nbd7 7. O-O O-O 8. e4
dxe4 9. Nxe4 Nxe4 10. Bxe4 h6 11. Re1 Nf6 12. Bc2 Qc7 13. Ne5 Rd8 14. Qf3 Ne8
15. Bf4 Qe7 16. Qg3 Bxe5 17. dxe5 g5 18. Rad1 Bd7 19. Qd3 f5 20. exf6 Nxf6 21.
Be5 Be8 22. Qf3 Rxd1 23. Bxd1 Nd7 24. Bc3 Bg6 25. Qe3 c5 26. Bg4 Nf8 27. Qe5
Qh7 28. Bxe6+ Nxe6 29. Qxe6+ Bf7 30. Qf6 Re8 31. Rxe8+ Bxe8 32. h3 Qg6 33. Qe7
Bc6 34. Qxc5 g4 35. Qe7 gxh3 36. Qd8+ Be8 37. Qd5+ Bf7 38. Qd8+ Be8 39. g3 Qe4
40. Qd5+ Qxd5 41. cxd5 Bd7 42. f3 h5 43. g4 hxg4 44. fxg4 Bxg4 45. Be5 Kf7 46.
Kf2 Ke7 47. Ke3 Kd7 48. Kd4 Bf3 49. b4 a6 50. a4 Bg2 51. Kc5 Bf3 52. Kd4 Bg2
1/2-1/2

[Event "Toronto-ch Reserves"]
[Site "Toronto CAN"]
[Date "2002.02.06"]
[Round "10"]
[White "Paterson, Jim"]
[Black "Shah, Omar"]
[Result "0-1"]
[WhiteElo "1964"]
[BlackElo "1913"]
[PlyCount "106"]
[EventDate "2002.01.09"]
[EventType "tourn"]
[EventRounds "11"]
[EventCountry "CAN"]

1. e4 c5 2. Nf3 d6 3. d4 cxd4 4. Qxd4 a6 5. Be3 Qc7 6. Nc3 Nd7 7. Bc4 Ngf6 8.
Bb3 e6 9. h3 Be7 10. Rd1 O-O 11. O-O b5 12. a3 Bb7 13. Rfe1 Nc5 14. Bg5 Nxb3
15. cxb3 Rad8 16. Rc1 Qb8 17. Nh2 Rfe8 18. Ng4 Nxg4 19. Bxe7 Rxe7 20. hxg4 Rc8
21. Rcd1 Rd7 22. Rd3 Qc7 23. Rde3 Ba8 24. a4 Qb7 25. Rh3 b4 26. Nb1 Rc2 27. Nd2
Rc5 28. Nf3 Qc6 29. Qe3 Rc7 30. Nd4 Qb7 31. g5 Re5 32. f3 Rcc5 33. Qf4 Qa7 34.
Qh4 Rc2 35. Qxh7+ Kf8 36. Qh8+ Ke7 37. Qxg7 Qxd4+ 38. Kh1 Qd2 39. Qf6+ Kd7 40.
Qxf7+ Kc6 41. Qe8+ Kb6 42. Qb8+ Bb7 43. Qd8+ Ka7 44. Rg1 Rxg5 45. a5 Rc8 46.
Qb6+ Ka8 47. g4 Rb5 48. Rh2 Qf4 49. Qf2 d5 50. exd5 Bxd5 51. Rh3 Rbc5 52. g5
Rc2 53. Qg3 Bxf3+ 0-1

[Event "Toronto-ch Reserves"]
[Site "Toronto CAN"]
[Date "2002.02.04"]
[Round "10"]
[White "Picana, Andrew"]
[Black "Bergeron, Florian"]
[Result "1-0"]
[WhiteElo "1990"]
[BlackElo "1954"]
[PlyCount "105"]
[EventDate "2002.01.09"]
[EventType "tourn"]
[EventRounds "11"]
[EventCountry "CAN"]

1. d4 Nf6 2. c4 g6 3. Nc3 Bg7 4. Bf4 O-O 5. h3 d6 6. Nf3 Nbd7 7. g4 Re8 8. Bg5
e5 9. Bg2 h6 10. Be3 exd4 11. Nxd4 Nc5 12. O-O Nfe4 13. Nxe4 Nxe4 14. Qd3 Nc5
15. Qd2 Kh7 16. Rad1 Qe7 17. Rfe1 Bd7 18. Nb5 Bxb5 19. cxb5 Ne4 20. Qc2 Rac8
21. Rd3 c6 22. Qb3 Nc5 23. Bxc5 dxc5 24. bxc6 bxc6 25. Re3 Qc7 26. Rf3 Re7 27.
Qc2 Rb8 28. b3 Qa5 29. Rc1 Rd8 30. Bf1 Rd5 31. e3 h5 32. Rg3 Be5 33. f4 Bd6 34.
gxh5 Rxh5 35. Bd3 f5 36. Qg2 Rh6 37. Kh1 c4 38. bxc4 Qc5 39. Qf3 Bc7 40. Rcg1
Bb6 41. Rxg6 Qxe3 42. Qxe3 Bxe3 43. Bxf5 Bxg1 44. Re6+ Kg7 45. Rxe7+ Kf8 46.
Re6 Rxe6 47. Bxe6 Be3 48. Bd7 c5 49. f5 Ke7 50. Bc8 Kf6 51. Kg2 Kg5 52. Kf3 Bd4
53. Ke4 1-0

[Event "Toronto-ch Reserves"]
[Site "Toronto CAN"]
[Date "2002.02.04"]
[Round "10"]
[White "Takov, Chris"]
[Black "Sviridovitch, Alina"]
[Result "1-0"]
[WhiteElo "1900"]
[BlackElo "1925"]
[PlyCount "87"]
[EventDate "2002.01.09"]
[EventType "tourn"]
[EventRounds "11"]
[EventCountry "CAN"]

1. d4 d5 2. Nf3 Nf6 3. g3 e6 4. Bg2 Be7 5. O-O Nbd7 6. b3 O-O 7. Bb2 b6 8. Nbd2
Bb7 9. c4 c5 10. e3 Rc8 11. Rc1 Ne4 12. Qc2 f5 13. dxc5 bxc5 14. cxd5 exd5 15.
Rfd1 Bf6 16. Qb1 Bxb2 17. Qxb2 Ndf6 18. Nc4 Qe7 19. Nce5 Rfd8 20. Nh4 Qe6 21.
Nd3 g6 22. Nf4 Qf7 23. Nf3 Ng4 24. Rc2 Qf6 25. Qc1 c4 26. bxc4 dxc4 27. Rxd8+
Rxd8 28. Nd4 Ne5 29. Qb1 Ba6 30. Nfe6 Rc8 31. Rb2 Nd6 32. Bd5 Kh8 33. Rb8 Nd7
34. Rxc8+ Bxc8 35. Qb4 Qe5 36. Bxc4 Nb6 37. Bb3 Bb7 38. Qc3 Ne4 39. Qc7 Qxc7
40. Nxc7 Kg7 41. f3 Ng5 42. Kf2 Nd7 43. h4 Nf7 44. Ne8+ 1-0

[Event "Toronto-ch Reserves"]
[Site "Toronto CAN"]
[Date "2002.02.06"]
[Round "10"]
[White "Vadachkoriya, Irakli"]
[Black "Haziprodromu, Sam"]
[Result "1/2-1/2"]
[WhiteElo "1949"]
[BlackElo "1979"]
[PlyCount "137"]
[EventDate "2002.01.09"]
[EventType "tourn"]
[EventRounds "11"]
[EventCountry "CAN"]

1. e4 e5 2. Nf3 Nc6 3. d4 exd4 4. Bc4 Nf6 5. e5 d5 6. Bb5 Ne4 7. Nxd4 Bc5 8.
Be3 O-O 9. Bxc6 bxc6 10. O-O Bxd4 11. Bxd4 c5 12. Be3 d4 13. Bc1 Bb7 14. Qe2
Re8 15. f3 a5 16. Re1 Nd6 17. Qf2 Nc4 18. f4 Ra6 19. Nd2 Nxd2 20. Qxd2 Rg6 21.
Re2 Qd5 22. f5 Rg4 23. h3 Re4 24. Rxe4 Qxe4 25. Qf2 Rxe5 26. Bf4 Rxf5 27. Re1
Qc6 28. Qe2 h6 29. Qe8+ Kh7 30. Qxc6 Bxc6 31. Bxc7 a4 32. Bb6 h5 33. Re2 Rd5
34. Re7 Rg5 35. Rc7 a3 36. b3 Rxg2+ 37. Kf1 Rxc2 38. Rxc6 Rc1+ 39. Ke2 Rc2+ 40.
Ke1 Rxa2 41. Rxc5 Rb2 42. Rxh5+ Kg6 43. Ra5 Rb1+ 44. Ke2 d3+ 45. Kd2 Rb2+ 46.
Ke3 d2 47. Ke2 Rxb3 48. Kxd2 Rxb6 49. Rxa3 Re6 50. Rg3+ Kh6 51. Rg4 g6 52. Kd1
f5 53. Rf4 Kg5 54. Rd4 f4 55. Kd2 Kh4 56. Rxf4+ Kxh3 57. Rf3+ Kg2 58. Rf4 Kg3
59. Rf1 g5 60. Rg1+ Kf4 61. Rf1+ Kg4 62. Rg1+ Kf5 63. Rf1+ Kg6 64. Re1 Rxe1 65.
Kxe1 Kf5 66. Kf1 Kf4 67. Kf2 g4 68. Kg2 g3 69. Kg1 1/2-1/2

[Event "Toronto-ch Reserves"]
[Site "Toronto CAN"]
[Date "2002.02.09"]
[Round "11"]
[White "Bergeron, Florian"]
[Black "Paterson, Jim"]
[Result "1/2-1/2"]
[WhiteElo "1954"]
[BlackElo "1964"]
[PlyCount "87"]
[EventDate "2002.01.09"]
[EventType "tourn"]
[EventRounds "11"]
[EventCountry "CAN"]

1. d4 Nf6 2. c4 e5 3. dxe5 Ng4 4. Nf3 Bc5 5. e3 Nc6 6. a3 a5 7. Nc3 Ngxe5 8.
Be2 d6 9. O-O O-O 10. b3 Bf5 11. Nd4 Bd7 12. Bb2 Bxd4 13. exd4 Ng6 14. f4 Qh4
15. g3 Qh3 16. Ne4 Rfe8 17. Ng5 Qh6 18. Qd2 f6 19. d5 Nce7 20. Ne6 Bxe6 21.
dxe6 Nf8 22. Bf3 Ra7 23. Rfe1 f5 24. Re2 Nc8 25. Rae1 c6 26. Qd3 Qg6 27. e7 Nd7
28. Re6 Qf7 29. Qe2 Nc5 30. Re3 Ne4 31. Bxe4 fxe4 32. Rxe4 b6 33. f5 Raxe7 34.
Qg4 Rxe4 35. Rxe4 Rxe4 36. Qxe4 Qe7 37. Qxe7 Nxe7 38. f6 gxf6 39. Bxf6 Kf7 40.
Bg5 Nf5 41. Bd8 Nd4 42. Bxb6 Nxb3 43. Kf2 a4 44. Ke3 1/2-1/2

[Event "Toronto-ch Reserves"]
[Site "Toronto CAN"]
[Date "2002.02.09"]
[Round "11"]
[White "Cohen, David"]
[Black "Takov, Chris"]
[Result "0-1"]
[WhiteElo "2023"]
[BlackElo "1905"]
[PlyCount "118"]
[EventDate "2002.01.09"]
[EventType "tourn"]
[EventRounds "11"]
[EventCountry "CAN"]

1. e4 e6 2. d4 d5 3. Nc3 Nf6 4. Bd3 Bb4 5. e5 Ne4 6. Bxe4 dxe4 7. Be3 c5 8.
Nge2 Nc6 9. O-O cxd4 10. Bxd4 Nxd4 11. Qxd4 Qxd4 12. Nxd4 Bxc3 13. bxc3 f5 14.
Nb5 Ke7 15. Nd6 b6 16. a4 Bd7 17. Rfb1 Rhb8 18. Rb4 a6 19. Kf1 g5 20. Rab1 h5
21. Ke2 Bc6 22. a5 b5 23. c4 Rd8 24. c3 Rd7 25. cxb5 axb5 26. Nxb5 Rxa5 27. Nd4
Ba4 28. Ke3 Rc7 29. c4 Bd7 30. Nb5 Bxb5 31. cxb5 Ra3+ 32. R1b3 Rxb3+ 33. Rxb3
Kd7 34. h4 gxh4 35. Rb2 h3 36. gxh3 Rc3+ 37. Kf4 Rxh3 38. Kg5 Rh2 39. Rd2+ Kc7
40. Kf4 Rg2 41. Ke3 h4 42. Rd6 Rg6 43. b6+ Kb7 44. Rd7+ Kxb6 45. Rh7 Kc6 46.
Rxh4 Kd5 47. Kf4 Rg2 48. f3 Rf2 49. Ke3 Rxf3+ 50. Ke2 Kxe5 51. Rh5 Ra3 52. Rg5
Kf4 53. Rg6 Ra2+ 54. Kd1 e5 55. Re6 e3 56. Rf6 Ke4 57. Rb6 f4 58. Ke1 Kf3 59.
Rb1 Rh2 0-1